LEADER 01157nam0 22002651i 450 001 SUN0062484 005 20071211120000.0 010 $a88-7689-044-0 100 $a20071211d1988 |0itac50 ba 101 $aita 102 $aIT 105 $a|||| ||||| 200 1 $aMilitari romani sul Reno$el'iconografia degli stehende Soldaten nelle stele funerarie del 1. secolo d. C.$fSergio Rinaldi Tufi 210 $aRoma$cG. Bretschneider$d1988 215 $a93 p., [27] c. di tav.$cill.$d25 cm. 410 1$1001SUN0035276$12001 $aArchaeologica$v92$1210 $aRoma$cL'erma di Bretschneider. 620 $dRoma$3SUNL000360 700 1$aRinaldi Tufi$b, Sergio$3SUNV033567$01721 712 $aBretschneider$3SUNV005103$4650 801 $aIT$bSOL$c20181109$gRICA 912 $aSUN0062484 950 $aUFFICIO DI BIBLIOTECA DEL DIPARTIMENTO DI LETTERE E BENI CULTURALI$d07 CONS A Archeologia $e07 69588 92 995 $aUFFICIO DI BIBLIOTECA DEL DIPARTIMENTO DI LETTERE E BENI CULTURALI$bIT-CE0103$h69588$kCONS A Archeologia 92$oc$qa 996 $aMilitari romani sul Reno$9477862 997 $aUNICAMPANIA LEADER 01110cam0 2200265 450 001 E600200070751 005 20110117095844.0 100 $a20110117d1993 |||||ita|0103 ba 101 $aita 102 $aIT 200 1 $aObiezione di coscienza al servizio militare, obiezione fiscale e alle vaccinazioni obbligatorie nella pił recente giurisprudenza$fdi Pierluigi Consorti 210 $a[S.l.$cs.n.$d1993?] 215 $ap. 632-656$d24 cm 300 $a(mm) 300 $aEstr. da: Quaderni di diritto e politica ecclesiastica, n. 3 (1993) 700 1$aConsorti$b, Pierluigi$3A600200063946$4070$0257893 801 0$aIT$bUNISOB$c20110117$gRICA 850 $aUNISOB 852 $aUNISOB$jFondo|Casavola|Opusc$m150033 912 $aE600200070751 940 $aM 102 Monografia moderna SBN 941 $aM 957 $b1597$gSi$d150033$hCasavola$rdono$1menle$2UNISOB$3UNISOB$420110117095846.0$520110117095931.0$6menle$aFondo|Casavola|Opusc 996 $aObiezione di coscienza al servizio militare, obiezione fiscale e alle vaccinazioni obbligatorie nella pił recente giurisprudenza$91700994 997 $aUNISOB